| 000 | 00309 a2200109 4500 | ||
|---|---|---|---|
| 001 | 32337 | ||
| 082 | _a620.106CHE | ||
| 090 |
_c21716 _d21716 |
||
| 100 | _aCheresiminoff, N.P | ||
| 245 |
_aEncyclopedia of fluid mechanics: Complex Flow Phenomena & Modeling _bvol. 6 |
||
| 260 |
_aLondon _bGulf Publishing _c1986 |
||
| 942 |
_aNUST-CAE _k620.106CHE |
||
| 999 |
_c267410 _d267410 |
||